<?xml version="1.0" encoding="UTF-8"?>
<record
    xmlns:xsi="http://www.w3.org/2001/XMLSchema-instance"
    xsi:schemaLocation="http://www.loc.gov/MARC21/slim http://www.loc.gov/standards/marcxml/schema/MARC21slim.xsd"
    xmlns="http://www.loc.gov/MARC21/slim">

  <leader>00476nam a22001817a 4500</leader>
  <controlfield tag="005">20220629110310.0</controlfield>
  <controlfield tag="008">220629b           ||||| |||| 00| 0 eng d</controlfield>
  <datafield tag="020" ind1=" " ind2=" ">
    <subfield code="a">9788183487603</subfield>
  </datafield>
  <datafield tag="040" ind1=" " ind2=" ">
    <subfield code="a">IN-DiNC</subfield>
    <subfield code="c">IN-DiNC</subfield>
  </datafield>
  <datafield tag="041" ind1=" " ind2=" ">
    <subfield code="d">eng</subfield>
  </datafield>
  <datafield tag="082" ind1=" " ind2=" ">
    <subfield code="a">001</subfield>
  </datafield>
  <datafield tag="100" ind1=" " ind2=" ">
    <subfield code="a">Kishan Jai</subfield>
    <subfield code="e">author</subfield>
  </datafield>
  <datafield tag="245" ind1=" " ind2=" ">
    <subfield code="a">Test of reasoning</subfield>
    <subfield code="b">In all competitive exam</subfield>
    <subfield code="c">by Jai Kishan</subfield>
  </datafield>
  <datafield tag="260" ind1=" " ind2=" ">
    <subfield code="a">Meerut</subfield>
    <subfield code="b">Arihant publications</subfield>
  </datafield>
  <datafield tag="300" ind1=" " ind2=" ">
    <subfield code="a">374p.</subfield>
  </datafield>
  <datafield tag="700" ind1=" " ind2=" ">
    <subfield code="a">Prem Kishan</subfield>
    <subfield code="e">author</subfield>
  </datafield>
  <datafield tag="942" ind1=" " ind2=" ">
    <subfield code="2">ddc</subfield>
    <subfield code="c">BK</subfield>
  </datafield>
  <datafield tag="999" ind1=" " ind2=" ">
    <subfield code="c">11351</subfield>
    <subfield code="d">11351</subfield>
  </datafield>
  <datafield tag="952" ind1=" " ind2=" ">
    <subfield code="0">0</subfield>
    <subfield code="1">0</subfield>
    <subfield code="2">ddc</subfield>
    <subfield code="4">0</subfield>
    <subfield code="7">0</subfield>
    <subfield code="8">GEN</subfield>
    <subfield code="a">MAIN</subfield>
    <subfield code="b">MAIN</subfield>
    <subfield code="c">GEN</subfield>
    <subfield code="d">2022-06-29</subfield>
    <subfield code="g">165.00</subfield>
    <subfield code="l">9</subfield>
    <subfield code="o">001</subfield>
    <subfield code="p">21123</subfield>
    <subfield code="r">2025-04-09 05:02:20</subfield>
    <subfield code="s">2025-02-20</subfield>
    <subfield code="t">1</subfield>
    <subfield code="w">2022-06-29</subfield>
    <subfield code="y">BK</subfield>
  </datafield>
</record>
